| 000 | 00573nam a2200193 a 4500 | ||
|---|---|---|---|
| 001 | 000025795 | ||
| 005 | 20230526131558.0 | ||
| 008 | 100308s1947 ag 000 d spa d | ||
| 040 |
_aDO-SdBNP _bspa _cBNPHU |
||
| 082 |
_a862.3 _bR741c, 1947 |
||
| 100 | 1 |
_aRojas, Fernando de, _d1470-1541 _939878 |
|
| 245 | 1 | 3 |
_aLa celestina : _bo comedia de Calisto y Melibea / _cFernando de Roja. |
| 250 | _a3a ed. | ||
| 260 |
_aBuenos Aires : _bLosada, _c1947. |
||
| 300 |
_a282 p. ; _c18 cm. |
||
| 650 | 4 |
_aTeatro español _93071 |
|
| 650 | 4 |
_aLiteratura española _9632 |
|
| 049 | _aBNPD | ||
| 999 |
_c25287 _d25287 |
||